000
00477nam a2200181Ia 4500
008
090123s9999 xx 000 0 und d
082
_b
170
100
_a
फडके ना. सी.
245
_a
पडछाया
250
_a
1
260
_b
कुलकर्णी अ.अ.
300
_a
143
600
_a
फडके ना. सी.
630
_a
पडछाया
700
_a
फडके ना. सी.
730
_a
पडछाया
942
_c
BOOK
999
_c
38258
_d
38258